| Tag |
First Indicator |
Second Indicator |
Subfields |
| LEADER |
00000cas a2200000 a 4500 |
| 001 |
in00001577430 |
| 005 |
20151022113121.0 |
| 008 |
001030c19uu9999pauar 1 a0eng |
| 010 |
|
|
|a 2002204079
|z 99201698
|z 00708747
|
| 012 |
|
|
|l y
|
| 022 |
0 |
|
|a 1540-1766
|9 1048-0854
|
| 029 |
1 |
|
|a YDXCP
|b 2397668
|
| 029 |
1 |
|
|a YDXCP
|b 2189227
|
| 029 |
1 |
|
|a YDXCP
|b 2069914
|
| 029 |
1 |
|
|a YDXCP
|b 2039090
|
| 029 |
1 |
|
|a YDXCP
|b 1881576
|
| 029 |
1 |
|
|a AU@
|b 000023612063
|
| 035 |
|
|
|a (OCoLC)ocm49837987
|
| 035 |
|
|
|a (OCoLC)49837987
|
| 037 |
|
|
|b Materials Research Society, 506 Keystone Drive, Warrendale, PA 15086
|
| 040 |
|
|
|a DLC
|c DLC
|d NSD
|d DLC
|d TXA
|d UtOrBLW
|
| 042 |
|
|
|a lc
|a nsdp
|
| 049 |
|
|
|a TXAM
|
| 082 |
1 |
0 |
|a 621
|2 13
|
| 090 |
|
|
|a TK7871.85
|b .A3482
|
| 111 |
2 |
|
|a Advanced Metallization Conference.
|
| 210 |
0 |
|
|a Adv. Met. Conf.
|
| 222 |
|
0 |
|a Advanced Metallization Conference in
|
| 245 |
1 |
0 |
|a Advanced Metallization Conference in ... :
|b proceedings of the conference held ...
|
| 246 |
1 |
|
|i Vols. for 1999-<2000> have title:
|a Advanced Metallization Conference
|
| 264 |
|
1 |
|a Warrendale, Pa. :
|b Materials Research Society.
|
| 300 |
|
|
|a volumes :
|b illustrations ;
|c 24 cm.
|
| 310 |
|
|
|a Annual
|
| 336 |
|
|
|a text
|b txt
|2 rdacontent
|
| 337 |
|
|
|a unmediated
|b n
|2 rdamedia
|
| 338 |
|
|
|a volume
|b nc
|2 rdacarrier
|
| 500 |
|
|
|a Description based on: 1998.
|
| 530 |
|
|
|a Also issued online.
|
| 650 |
|
0 |
|a Semiconductors
|x Design and construction
|v Congresses.
|
| 650 |
|
0 |
|a Integrated circuits
|x Ultra large scale integration
|x Materials
|v Congresses.
|
| 650 |
|
0 |
|a Integrated circuits
|x Ultra large scale integration
|x Design and construction
|v Congresses.
|
| 650 |
|
0 |
|a Thin films
|v Congresses.
|
| 650 |
|
0 |
|a Metallic films
|v Congresses.
|
| 650 |
|
0 |
|a Metallizing
|v Congresses.
|
| 710 |
2 |
|
|a Materials Research Society.
|
| 850 |
|
|
|a DLC
|
| 936 |
|
|
|a 2001 LIC
|
| 994 |
|
|
|a C0
|b TXA
|
| 949 |
|
|
|a updated
|b h
|c 2009/6/15
|e lfurubot
|g recat to serial
|
| 999 |
|
|
|a MARS
|
| 999 |
f |
f |
|s cceba21f-d361-384f-af09-110e1c22106a
|i 7629a296-2201-334d-a32a-e067cbcab587
|t 0
|
| 952 |
f |
f |
|p ric
|a Texas A&M University
|b Rellis Campus
|c Joint Library Facility
|d Remote Storage
|t 0
|e TK7871.85 .A3482
|h Library of Congress classification
|i unmediated -- volume
|k 2004
|m A14833395758
|
| 952 |
f |
f |
|p ric
|a Texas A&M University
|b Rellis Campus
|c Joint Library Facility
|d Remote Storage
|t 0
|e TK7871.85 .A3482
|h Library of Congress classification
|i unmediated -- volume
|k 2003
|m A14833395716
|
| 952 |
f |
f |
|p ric
|a Texas A&M University
|b Rellis Campus
|c Joint Library Facility
|d Remote Storage
|t 0
|e TK7871.85 .A3482
|h Library of Congress classification
|i unmediated -- volume
|k 2008
|m A14839862779
|
| 952 |
f |
f |
|p ric
|a Texas A&M University
|b Rellis Campus
|c Joint Library Facility
|d Remote Storage
|t 0
|e TK7871.85 .A3482
|h Library of Congress classification
|i unmediated -- volume
|k 2001
|m A14829999304
|
| 952 |
f |
f |
|p ric
|a Texas A&M University
|b Rellis Campus
|c Joint Library Facility
|d Remote Storage
|t 0
|e TK7871.85 .A3482
|h Library of Congress classification
|i unmediated -- volume
|k 1999
|m A14827070324
|
| 952 |
f |
f |
|p ric
|a Texas A&M University
|b Rellis Campus
|c Joint Library Facility
|d Remote Storage
|t 0
|e TK7871.85 .A3482
|h Library of Congress classification
|i unmediated -- volume
|k 1998
|m A14825140652
|
| 952 |
f |
f |
|p ric
|a Texas A&M University
|b Rellis Campus
|c Joint Library Facility
|d Remote Storage
|t 0
|e TK7871.85 .A3482
|h Library of Congress classification
|i unmediated -- volume
|k 2006
|m A14835569353
|
| 952 |
f |
f |
|p ric
|a Texas A&M University
|b Rellis Campus
|c Joint Library Facility
|d Remote Storage
|t 0
|e TK7871.85 .A3482
|h Library of Congress classification
|i unmediated -- volume
|k 2007
|m A14836806295
|
| 998 |
f |
f |
|a TK7871.85 .A3482
|s 1998-1999,2001,2003-2004,2006-2008
|t 0
|l Remote Storage
|